[Event "27e Open International Avoine"]
[Site "Espace culturel d'Avoine-37420"]
[Date "2012.07.28"]
[Round "8.1"]
[White "Lagarde, Maxime"]
[Black "Bon, Michael"]
[Result "1-0"]
[WhiteElo "2505"]
[BlackElo "2304"]
[PlyCount "91"]
[EventDate "2012.??.??"]

1. e4 c5 2. Nf3 d6 3. d4 cxd4 4. Qxd4 Bg4 5. Nc3 Bxf3 6. gxf3 Nc6 7. Bb5 e6 8.
Rg1 Qa5 9. Be3 Nf6 10. O-O-O Nd7 11. Qc4 Rc8 12. Qb3 a6 13. Bxc6 bxc6 14. Qb7
Qc7 15. Qxa6 g6 16. Qa7 Qxa7 17. Bxa7 c5 18. Nb5 Rc6 19. Rd3 Bh6+ 20. Kb1 Ke7
21. Ra3 Bf4 22. h3 g5 23. b4 cxb4 24. Ra4 Rhc8 25. Rxb4 Rxc2 26. Rd1 R2c4 27.
Rxc4 Rxc4 28. a3 f5 29. exf5 exf5 30. Be3 Nc5 31. Rd4 Rxd4 32. Nxd4 Kf6 33.
Bxf4 gxf4 34. Kc2 Kg5 35. Kd2 Kh4 36. Nxf5+ Kxh3 37. Nxd6 Kg2 38. Ke2 h5 39.
Nf5 Na4 40. Nh4+ Kg1 41. Ng6 Nb6 42. Ke1 Na4 43. Nxf4 h4 44. Ne2+ Kg2 45. f4
Nc3 46. Nxc3 1-0

[Event "27e Open International Avoine"]
[Site "Espace culturel d'Avoine-37420"]
[Date "2012.07.28"]
[Round "8.4"]
[White "Song, Julien"]
[Black "Lazarev, Vladimir"]
[Result "1/2-1/2"]
[WhiteElo "2398"]
[BlackElo "2442"]
[PlyCount "99"]
[EventDate "2012.??.??"]

1. d4 Nf6 2. c4 e6 3. Nf3 d5 4. g3 Bb4+ 5. Nbd2 O-O 6. Bg2 b6 7. O-O Bb7 8.
cxd5 exd5 9. Ne5 Re8 10. Qa4 Bf8 11. Ndf3 Ne4 12. Bf4 f6 13. Nd3 c5 14. dxc5
bxc5 15. Rad1 Nd7 16. Nd2 f5 17. h4 Nef6 18. Nc4 Rxe2 19. Ne3 Nb6 20. Qb5 a6
21. Qa5 c4 22. Nc5 Bxc5 23. Qxc5 Rxb2 24. Bc7 Na4 25. Qa5 Qe8 26. Rb1 c3 27.
Nxd5 Bxd5 28. Bxd5+ Nxd5 29. Qxd5+ Kh8 30. Rbe1 Qg8 31. Qd4 Rb7 32. Re7 Rc8 33.
Rxg7 Qxg7 34. Be5 c2 35. Bxg7+ Rxg7 36. Rc1 f4 37. Qxa4 fxg3 38. Rxc2 gxf2+ 39.
Kxf2 Rf8+ 40. Ke1 Rg1+ 41. Ke2 Rg2+ 42. Ke3 Rg3+ 43. Kd2 Rg2+ 44. Kc1 Rg1+ 45.
Kb2 Rb8+ 46. Kc3 Rc8+ 47. Kb3 Rb8+ 48. Kc3 Rc8+ 49. Kb3 Rb8+ 50. Kc3 1/2-1/2

[Event "27e Open International Avoine"]
[Site "Espace culturel d'Avoine-37420"]
[Date "2012.07.28"]
[Round "8.5"]
[White "Marholev, Dimitar"]
[Black "Anton, Teodor"]
[Result "1/2-1/2"]
[WhiteElo "2356"]
[BlackElo "2423"]
[PlyCount "40"]
[EventDate "2012.??.??"]

1. e4 c5 2. Nc3 a6 3. Nf3 d6 4. d4 cxd4 5. Nxd4 Nf6 6. Bg5 e6 7. Qe2 Qa5 8. f4
Nc6 9. O-O-O Bd7 10. Nb3 Qc7 11. Bxf6 gxf6 12. Qh5 b5 13. f5 Ke7 14. Bxb5 axb5
15. Nxb5 Qb6 16. Nxd6 Ne5 17. Kb1 Ba4 18. fxe6 fxe6 19. Rhf1 Bxb3 20. cxb3 Qa5
1/2-1/2

[Event "27e Open International Avoine"]
[Site "Espace culturel d'Avoine-37420"]
[Date "2012.07.28"]
[Round "8.6"]
[White "Shirazi, Kamran"]
[Black "Petre, Nad-Titus"]
[Result "0-1"]
[WhiteElo "2417"]
[BlackElo "2362"]
[PlyCount "94"]
[EventDate "2012.??.??"]

1. e4 c5 2. Nf3 e6 3. b3 b6 4. c4 Bb7 5. Nc3 Nc6 6. Bb2 Nf6 7. Rc1 Bd6 8. Bd3
Ne5 9. Bb1 Nxf3+ 10. Qxf3 Be5 11. O-O Qb8 12. h3 Bd4 13. Ba3 Qe5 14. Nb5 O-O
15. Nxd4 Qxd4 16. d3 Ne8 17. Qe2 e5 18. Bb2 Qd6 19. Qh5 f6 20. f4 exf4 21. d4
g6 22. Qh6 cxd4 23. Rxf4 Nc7 24. e5 fxe5 25. Rh4 Rf7 26. Bxg6 Qxg6 27. Rg4 Rg7
28. Rxg6 Rxg6 29. Qh5 Rxg2+ 30. Kf1 Rf8+ 31. Ke1 Bf3 32. Qxe5 Re8 33. Qxe8+
Nxe8 34. Bxd4 Re2+ 35. Kf1 Rd2 36. Rc3 Be4 37. Rg3+ Kf7 38. Be3 Rxa2 39. c5 b5
40. Rg4 Bf5 41. Rf4 Ke6 42. h4 Nf6 43. Bd4 Ne4 44. Ke1 Rh2 45. c6 dxc6 46. Bxa7
c5 47. Kd1 Nf2+ 0-1

[Event "27e Open International Avoine"]
[Site "Espace culturel d'Avoine-37420"]
[Date "2012.07.28"]
[Round "8.8"]
[White "Inkiov, Ventzislav"]
[Black "Gesing, Oliver"]
[Result "1-0"]
[WhiteElo "2460"]
[BlackElo "2165"]
[PlyCount "107"]
[EventDate "2012.??.??"]

1. e4 e6 2. d4 d5 3. e5 c5 4. c3 Nc6 5. Nf3 Qb6 6. a3 Bd7 7. b4 cxd4 8. cxd4
Rc8 9. Be2 Nge7 10. O-O Nf5 11. Be3 Nce7 12. Qd3 Ba4 13. Nc3 Bb3 14. Qb5+ Qc6
15. Nd2 a6 16. Qxc6+ Rxc6 17. Rac1 Bc4 18. Nxc4 dxc4 19. Bf3 Rc7 20. d5 exd5
21. Bxd5 Nxe3 22. fxe3 Nxd5 23. Nxd5 Rc6 24. Rf4 b5 25. Rcf1 c3 26. Rc1 Be7 27.
Rxc3 Rxc3 28. Nxc3 Bg5 29. Rf3 O-O 30. Ne4 Be7 31. Rf2 a5 32. Nd6 axb4 33. axb4
Rd8 34. Rc2 f6 35. Nf5 Bxb4 36. Rc7 fxe5 37. Rxg7+ Kh8 38. Rb7 Rf8 39. e4 Bc5+
40. Kf1 b4 41. g4 Ra8 42. Ke2 Bf8 43. h4 Kg8 44. g5 Ra1 45. Kd3 Rc1 46. Rb5
Rc3+ 47. Ke2 b3 48. Ne3 Ba3 49. Kd2 Bb2 50. h5 Ba1 51. Rb7 b2 52. Nd5 Rc1 53.
Nf6+ Kf8 54. g6 1-0

[Event "27e Open International Avoine"]
[Site "Espace culturel d'Avoine-37420"]
[Date "2012.07.28"]
[Round "8.9"]
[White "Dumitrache, Dragos-Nicolae"]
[Black "Piron, Jean-Marie"]
[Result "1-0"]
[WhiteElo "2447"]
[BlackElo "1810"]
[PlyCount "37"]
[EventDate "2012.??.??"]

1. d4 b5 2. e4 Bb7 3. Bd3 e6 4. Nf3 c5 5. c3 cxd4 6. cxd4 a6 7. O-O Nf6 8. Nbd2
Nc6 9. a3 Be7 10. Qe2 h6 11. Rd1 Na5 12. d5 exd5 13. e5 Ne4 14. Nxe4 dxe4 15.
Bxe4 Bxe4 16. Qxe4 O-O 17. Qg4 Nb3 18. Bxh6 Bf6 19. Rab1 1-0

[Event "27e Open International Avoine"]
[Site "Espace culturel d'Avoine-37420"]
[Date "2012.07.28"]
[Round "8.11"]
[White "Mevel, Alberic"]
[Black "Kostiuk, Tatiana"]
[Result "1/2-1/2"]
[WhiteElo "2188"]
[BlackElo "2327"]
[PlyCount "94"]
[EventDate "2012.??.??"]

1. e4 Nf6 2. Nc3 e5 3. f4 d5 4. fxe5 Nxe4 5. Qf3 Nxc3 6. dxc3 Qh4+ 7. g3 Qe4+
8. Qxe4 dxe4 9. Bg2 Bf5 10. Ne2 Nd7 11. Nd4 Bg6 12. e6 Nf6 13. Nb5 O-O-O 14.
Nxa7+ Kb8 15. Nb5 fxe6 16. Bf4 Bd6 17. Nxd6 cxd6 18. O-O-O e5 19. Bg5 d5 20.
Rhe1 h6 21. Bxf6 gxf6 22. c4 dxc4 23. Rxd8+ Rxd8 24. Bxe4 Bh5 25. h3 Kc7 26. g4
Bf7 27. b3 Be6 28. Rf1 Rf8 29. Rf3 b5 30. Kd2 h5 31. Bf5 Bd5 32. Re3 h4 33.
bxc4 Bxc4 34. a3 Ra8 35. Rc3 Kd6 36. Bd3 Kd5 37. Ke3 Ra7 38. Be4+ Kc5 39. Bd3
Kd5 40. Be4+ Kc5 41. Bd3 Rd7 42. Be2 Rd4 43. Bd3 Rd8 44. Be2 Rd6 45. Bd3 Rd4
46. Be2 Rf4 47. Bd3 Rd4 1/2-1/2

[Event "27e Open International Avoine"]
[Site "Espace culturel d'Avoine-37420"]
[Date "2012.07.28"]
[Round "8.16"]
[White "Imperor, Lorene"]
[Black "Bouget, Alexandre"]
[Result "0-1"]
[WhiteElo "1743"]
[BlackElo "2202"]
[PlyCount "104"]
[EventDate "2012.??.??"]

1. d4 d5 2. c4 dxc4 3. Nf3 Nf6 4. e3 g6 5. Bxc4 Bg7 6. O-O O-O 7. Nc3 Ne8 8. b3
c5 9. Bb2 cxd4 10. Nxd4 Nd6 11. Bd5 Na6 12. Rc1 Nc7 13. Bf3 e5 14. Nc2 Re8 15.
e4 Be6 16. Qe2 Qg5 17. Ne3 a6 18. Rfd1 Ndb5 19. Nxb5 Nxb5 20. Nd5 Rad8 21. Qe3
Qxe3 22. fxe3 Bxd5 23. exd5 e4 24. Bxg7 Kxg7 25. Be2 Nd6 26. Rc7 Kf6 27. Kf2
Rc8 28. Rd7 Ke5 29. Rd2 Red8 30. Rxd8 Rxd8 31. Bc4 Rc8 32. Rd4 Rc5 33. a4 b5
34. Be2 Rxd5 35. Rxd5+ Kxd5 36. Kg3 Ke5 37. Kf2 bxa4 38. bxa4 a5 39. g4 g5 40.
Kg3 Kd5 41. h4 h6 42. hxg5 hxg5 43. Kf2 Kc5 44. Bd1 Kb4 45. Ke2 Kc3 46. Kf2 Nc4
47. Be2 Nb2 48. Bb5 Kd2 49. Bc6 Nd3+ 50. Kf1 Kxe3 51. Bd5 f6 52. Bc6 Ne5 0-1

[Event "27e Open International Avoine"]
[Site "Espace culturel d'Avoine-37420"]
[Date "2012.07.28"]
[Round "8.18"]
[White "Peyre, Thomas"]
[Black "Payen, Arnaud"]
[Result "0-1"]
[WhiteElo "2072"]
[BlackElo "2351"]
[PlyCount "120"]
[EventDate "2012.??.??"]

1. e4 e5 2. Nf3 Nc6 3. Bb5 a6 4. Ba4 Nf6 5. O-O b5 6. Bb3 Be7 7. Re1 d6 8. c3
O-O 9. h3 Na5 10. Bc2 d5 11. d4 dxe4 12. Nxe5 c5 13. Be3 Qc7 14. Nd2 Bb7 15. f3
Nd5 16. Nxe4 Nxe3 17. Rxe3 Rad8 18. Kh1 f6 19. Nd3 cxd4 20. Re1 dxc3 21. Nxc3
Rfe8 22. Qb1 Qg3 23. Ne2 Qh4 24. Rf1 Bd6 25. Qe1 Qxe1 26. Rfxe1 Rc8 27. Rac1
Bd5 28. Nd4 Rxe1+ 29. Rxe1 g6 30. b4 Rc4 31. Re8+ Kf7 32. Rh8 Kg7 33. Rd8 Nb7
34. Rd7+ Kh6 35. Nc5 Rxd4 36. Nxb7 Bxb7 37. Rxb7 Bg3 38. Bb3 Rxb4 39. Rd7 a5
40. Rd1 a4 41. Be6 Rb2 42. Kg1 f5 43. Ra1 b4 44. Bc4 Kg5 45. Bb5 a3 46. Bc4 Kf6
47. Kf1 Rf2+ 48. Kg1 Rc2 49. Bg8 h6 50. Kf1 Rf2+ 51. Kg1 Rb2 52. Kf1 Ke5 53.
Rd1 Kf6 54. Ra1 Ke7 55. Bh7 Kf7 56. Rd1 Rf2+ 57. Kg1 Rxa2 58. Rd7+ Kf6 59. Kf1
Rf2+ 60. Kg1 a2 0-1

[Event "27e Open International Avoine"]
[Site "Espace culturel d'Avoine-37420"]
[Date "2012.07.28"]
[Round "8.19"]
[White "Safranska, Anda"]
[Black "Le Montagner, Yoann"]
[Result "1-0"]
[WhiteElo "2298"]
[BlackElo "2040"]
[PlyCount "63"]
[EventDate "2012.??.??"]

1. g3 e6 2. Bg2 d5 3. Nf3 Nf6 4. O-O c5 5. d3 Nc6 6. Nbd2 Be7 7. e4 dxe4 8.
dxe4 Qc7 9. c3 O-O 10. Re1 e5 11. h3 b5 12. a4 b4 13. Nc4 Rd8 14. Qc2 Ne8 15.
Ne3 Be6 16. Nd5 Qb7 17. Ng5 Bxg5 18. Bxg5 f6 19. Be3 Ne7 20. Bxc5 Nxd5 21. exd5
Bxd5 22. Bxd5+ Rxd5 23. Bxb4 Qd7 24. Rad1 Rd8 25. Rxd5 Qxd5 26. c4 Qb7 27. Ba5
Rd4 28. c5 Qc6 29. b4 a6 30. Rd1 Qf3 31. Rxd4 exd4 32. Qc4+ 1-0

[Event "27e Open International Avoine"]
[Site "Espace culturel d'Avoine-37420"]
[Date "2012.07.28"]
[Round "8.21"]
[White "Barbot, Pierre"]
[Black "Dessenne, Francois"]
[Result "1-0"]
[WhiteElo "2271"]
[BlackElo "2030"]
[PlyCount "73"]
[EventDate "2012.??.??"]

1. e4 c5 2. Nf3 Nc6 3. d4 cxd4 4. Nxd4 Nf6 5. Nc3 g6 6. Nxc6 bxc6 7. e5 Ng8 8.
Bc4 Bg7 9. Bf4 Qa5 10. O-O Bxe5 11. Bxe5 Qxe5 12. Re1 Qc7 13. Qd4 f6 14. Bxg8
Rxg8 15. Qxf6 d6 16. Re3 Bf5 17. Rae1 O-O-O 18. Rxe7 Qb6 19. Ne4 Bxe4 20. R1xe4
Rgf8 21. Qe6+ Kb8 22. Re3 Ka8 23. Qb3 Rb8 24. Qxb6 Rxb6 25. b3 a5 26. Rxh7 a4
27. Rg7 axb3 28. axb3 Ra6 29. g3 Ra1+ 30. Kg2 Rd1 31. Re2 d5 32. Rxg6 Kb7 33.
h4 Rf5 34. Rg5 Rf7 35. h5 c5 36. h6 Rf6 37. Rh5 1-0

[Event "27e Open International Avoine"]
[Site "Espace culturel d'Avoine-37420"]
[Date "2012.07.28"]
[Round "8.22"]
[White "Stephan, Victor"]
[Black "Dutreuil, Raphael"]
[Result "1-0"]
[WhiteElo "2253"]
[BlackElo "2024"]
[PlyCount "43"]
[EventDate "2012.??.??"]

1. e4 c5 2. Nf3 e6 3. g3 Nc6 4. Bg2 d5 5. exd5 exd5 6. d4 Bg4 7. O-O Nxd4 8.
Qe1+ Be7 9. Nxd4 cxd4 10. Qe5 Nf6 11. Qxd4 O-O 12. Nc3 Be6 13. Bf4 Qa5 14. Rad1
Rfd8 15. Rfe1 Rac8 16. Bd2 Qc5 17. Be3 Bf5 18. Qf4 d4 19. Bxd4 Rxd4 20. Qxd4
Ng4 21. h3 Nxf2 22. Qxf2 1-0

[Event "27e Open International Avoine"]
[Site "Espace culturel d'Avoine-37420"]
[Date "2012.07.28"]
[Round "8.23"]
[White "Le Borgne, Pierre"]
[Black "Dubois, Pierre"]
[Result "1-0"]
[WhiteElo "2233"]
[BlackElo "1961"]
[PlyCount "39"]
[EventDate "2012.??.??"]

1. e4 e5 2. Nf3 Nc6 3. Bb5 Nd4 4. Nxd4 exd4 5. O-O c6 6. Bc4 d5 7. exd5 cxd5 8.
Re1+ Be7 9. Bb5+ Kf8 10. b3 Nf6 11. Rxe7 Kxe7 12. Ba3+ Ke6 13. Qe2+ Ne4 14. f3
f5 15. fxe4 fxe4 16. c4 a6 17. cxd5+ Kf7 18. Qf2+ Qf6 19. Bf1 Rd8 20. Bb2 1-0

[Event "27e Open International Avoine"]
[Site "Espace culturel d'Avoine-37420"]
[Date "2012.07.28"]
[Round "8.25"]
[White "Ribeiro, Romain"]
[Black "El Fakkak, Radouan"]
[Result "1-0"]
[WhiteElo "2204"]
[BlackElo "1913"]
[PlyCount "67"]
[EventDate "2012.??.??"]

1. e4 e6 2. d4 d5 3. Nc3 Bb4 4. e5 c5 5. Bd2 Ne7 6. a3 Bxc3 7. Bxc3 Nd7 8. f4
O-O 9. Nf3 b6 10. Bd3 f5 11. O-O cxd4 12. Nxd4 Nc5 13. b4 Nxd3 14. cxd3 Bd7 15.
b5 Ng6 16. Bb4 Re8 17. g3 Rc8 18. Qd2 Qc7 19. a4 Qb7 20. Rfc1 Rxc1+ 21. Rxc1
Rc8 22. Rc3 Kf7 23. Qc2 Ne7 24. Bxe7 Rxc3 25. Qxc3 Kxe7 26. Qb4+ Kf7 27. Qd6 h6
28. Kf2 Qc8 29. Nc6 Be8 30. Nd8+ Kg6 31. Qxe6+ Qxe6 32. Nxe6 a6 33. bxa6 Bxa4
34. Nd4 1-0

[Event "27e Open International Avoine"]
[Site "Espace culturel d'Avoine-37420"]
[Date "2012.07.28"]
[Round "8.26"]
[White "Marie, Maxime"]
[Black "Mauffrey, Hugues"]
[Result "1-0"]
[WhiteElo "2192"]
[BlackElo "1906"]
[PlyCount "83"]
[EventDate "2012.??.??"]

1. g3 e5 2. Bg2 d5 3. d3 Nf6 4. Nd2 Nc6 5. e3 Bc5 6. Ne2 O-O 7. a3 a5 8. O-O
Be6 9. h3 Qd7 10. Kh2 b5 11. b3 Rad8 12. Bb2 d4 13. e4 g6 14. a4 Rb8 15. axb5
Rxb5 16. Nc4 Bxc4 17. dxc4 Rbb8 18. Nc1 Qd6 19. Nd3 Bb4 20. f4 Rfd8 21. Qf3
exf4 22. gxf4 Nd7 23. e5 Ncxe5 24. fxe5 Nxe5 25. Nxe5 Qxe5+ 26. Kh1 f5 27. Qf4
Qxf4 28. Rxf4 d3 29. Bd5+ Kf8 30. cxd3 c6 31. Bxc6 Rxd3 32. Rf3 Rbd8 33. Raf1
Rxf3 34. Rxf3 Rd1+ 35. Kg2 Rd2+ 36. Rf2 Rd3 37. Ba4 Bd6 38. h4 Bg3 39. Rf3 Rxf3
40. Kxf3 Bxh4 41. c5 Bd8 42. Be5 1-0

[Event "27e Open International Avoine"]
[Site "Espace culturel d'Avoine-37420"]
[Date "2012.07.28"]
[Round "8.30"]
[White "Smith, Matthieu"]
[Black "Hutois, Mickael"]
[Result "1/2-1/2"]
[WhiteElo "2009"]
[BlackElo "2153"]
[PlyCount "94"]
[EventDate "2012.??.??"]

1. d4 Nf6 2. Nf3 e6 3. c4 d5 4. Nc3 Be7 5. cxd5 exd5 6. Bg5 Nbd7 7. e3 O-O 8.
Bd3 b6 9. Bxf6 Nxf6 10. Ne5 Bb7 11. O-O Ne4 12. Nxe4 dxe4 13. Be2 Qd6 14. Qb3
Bf6 15. Ng4 Bg5 16. Rfd1 g6 17. Rac1 Rac8 18. Bc4 Kg7 19. Ne5 Qe7 20. Bd5 Bxd5
21. Qxd5 Rfd8 22. Qc6 f6 23. Nc4 f5 24. g3 Bf6 25. a3 Qd7 26. Qxd7+ Rxd7 27. b4
c5 28. dxc5 Rxd1+ 29. Rxd1 bxc5 30. Rd7+ Kg8 31. b5 Rd8 32. Rxa7 Rd1+ 33. Kg2
Rc1 34. Nd6 Be5 35. Nf7 Bb8 36. Rb7 Kf8 37. Rxb8+ Kxf7 38. Rc8 Ke6 39. b6 Rb1
40. Rxc5 Rxb6 41. Rc1 Ra6 42. Ra1 Ra4 43. Kf1 Kd5 44. Ke2 g5 45. h3 h5 46. h4
gxh4 47. gxh4 f4 1/2-1/2

[Event "27e Open International Avoine"]
[Site "Espace culturel d'Avoine-37420"]
[Date "2012.07.28"]
[Round "8.33"]
[White "Eden, James"]
[Black "Ottl, Eric"]
[Result "1-0"]
[WhiteElo "2129"]
[BlackElo "1557"]
[PlyCount "79"]
[EventDate "2012.??.??"]

1. e4 e5 2. Nf3 Nc6 3. d4 exd4 4. Nxd4 Bc5 5. Be3 Qf6 6. Nb5 Bxe3 7. fxe3 Qh4+
8. g3 Qxe4 9. Nxc7+ Kd8 10. Nxa8 Qxh1 11. Qd6 Nf6 12. Nd2 Qd5 13. Qc7+ Ke7 14.
O-O-O Qe5 15. Nc4 Qxc7 16. Nxc7 Rd8 17. Nd6 Ne8 18. Ncxe8 Rxe8 19. Nxe8 Kxe8
20. Bb5 Ke7 21. Bxc6 dxc6 22. Rd4 c5 23. Rc4 Kd6 24. b4 b6 25. bxc5+ bxc5 26.
Kd2 Bd7 27. Kc3 Kc6 28. a3 Be6 29. Ra4 Kb6 30. Rf4 h5 31. Kd3 g6 32. Ke4 Kb5
33. Ke5 c4 34. Rf1 Kc5 35. Rf6 Kb5 36. Rxe6 fxe6 37. Kxe6 Kc5 38. e4 Kd4 39. e5
Kc3 40. Kd5 1-0

[Event "27e Open International Avoine"]
[Site "Espace culturel d'Avoine-37420"]
[Date "2012.07.28"]
[Round "8.34"]
[White "Lupoglazoff, Maxime"]
[Black "Devallee, Jeremie"]
[Result "0-1"]
[WhiteElo "1618"]
[BlackElo "2106"]
[PlyCount "58"]
[EventDate "2012.??.??"]

1. e4 c5 2. Nf3 d6 3. d4 cxd4 4. Nxd4 Nf6 5. Nc3 g6 6. Be3 Bg7 7. f3 O-O 8. Qd2
Nc6 9. O-O-O d5 10. Nxc6 bxc6 11. exd5 Nxd5 12. Nxd5 cxd5 13. Qxd5 Qc7 14. Qc5
Qb7 15. Bd4 Bf5 16. Qb5 Qc7 17. Qc5 Qxc5 18. Bxc5 Rfc8 19. b4 a5 20. Bd3 Bxd3
21. Rxd3 axb4 22. Bxb4 Rxa2 23. Kd2 Raxc2+ 24. Ke3 Bh6+ 25. Ke4 R2c4+ 26. Rd4
e5 27. Rxc4 Rxc4+ 28. Kxe5 Rxb4 29. g4 Bf4+ 0-1

[Event "27e Open International Avoine"]
[Site "Espace culturel d'Avoine-37420"]
[Date "2012.07.28"]
[Round "8.35"]
[White "Gomes, Alexis"]
[Black "Aubry, Yannis"]
[Result "0-1"]
[WhiteElo "1607"]
[BlackElo "2104"]
[PlyCount "70"]
[EventDate "2012.??.??"]

1. d4 Nf6 2. Nf3 c5 3. c3 g6 4. Bg5 Ne4 5. Bh4 Qb6 6. Qb3 Qxb3 7. axb3 Bg7 8.
e3 d5 9. Nbd2 Bf5 10. Bb5+ Nd7 11. O-O a6 12. Nxe4 dxe4 13. Ne5 Rc8 14. Bxd7+
Bxd7 15. Nxd7 Kxd7 16. dxc5 Rxc5 17. Rfd1+ Ke6 18. b4 Rb5 19. Ra5 Rxa5 20. bxa5
Rc8 21. Kf1 Rc5 22. Ra1 Rb5 23. Ra2 g5 24. Bg3 f5 25. Bc7 Kd5 26. Bd8 Bf6 27.
Ke2 Kc4 28. Ra4+ Kb3 29. Rb4+ Rxb4 30. cxb4 Kxb4 31. Kd2 Kb3 32. f3 g4 33. fxg4
fxg4 34. h3 gxh3 35. gxh3 Bxb2 0-1

[Event "27e Open International Avoine"]
[Site "Espace culturel d'Avoine-37420"]
[Date "2012.07.28"]
[Round "8.36"]
[White "Ratsma, Midas"]
[Black "Mostertman, Milan"]
[Result "0-1"]
[WhiteElo "1944"]
[BlackElo "2248"]
[PlyCount "106"]
[EventDate "2012.??.??"]

1. d4 Nf6 2. Nf3 e6 3. e3 d5 4. b3 Be7 5. Bb2 O-O 6. Nbd2 b6 7. Ne5 Bb7 8. Bd3
Ne4 9. c4 Bb4 10. Nef3 Nxd2 11. Nxd2 Qg5 12. Qf3 f5 13. h4 Qh6 14. a3 Bxd2+ 15.
Kxd2 f4 16. Rhf1 Nd7 17. g3 c5 18. g4 cxd4 19. exd4 e5 20. cxd5 e4 21. Qxe4
Rae8 22. Qf3 Qd6 23. g5 Kh8 24. Qh5 g6 25. Qh6 f3 26. h5 Qf4+ 27. Kc2 Re2+ 28.
Bxe2 fxe2 29. hxg6 Qe4+ 30. Kd2 exf1=N+ 31. Rxf1 Qxg6 32. Qxg6 hxg6 33. d6 Bd5
34. b4 Re8 35. f4 Re6 36. f5 gxf5 37. Rxf5 Rxd6 38. Kd3 Kg7 39. Bc1 b5 40. a4
Bc4+ 41. Kc3 a6 42. axb5 axb5 43. Rf2 Nb6 44. Bf4 Nd5+ 45. Kb2 Ra6 46. Be5+ Kg6
47. Rf8 Ra2+ 48. Kb1 Nxb4 49. Kc1 Nd3+ 50. Kb1 Rb2+ 51. Ka1 Re2 52. Rf1 Kxg5
53. Rg1+ Kf5 0-1

[Event "27e Open International Avoine"]
[Site "Espace culturel d'Avoine-37420"]
[Date "2012.07.28"]
[Round "8.38"]
[White "Lombart, Philippe"]
[Black "Leruste, Georges"]
[Result "0-1"]
[WhiteElo "1938"]
[BlackElo "2161"]
[PlyCount "114"]
[EventDate "2012.??.??"]

1. d4 e6 2. c4 f5 3. e4 fxe4 4. Nc3 Nf6 5. Bg5 Bb4 6. f3 e3 7. Bd3 d5 8. Nge2
O-O 9. O-O c6 10. Bxe3 dxc4 11. Bxc4 Nd5 12. Nxd5 exd5 13. Bd3 Qe7 14. Bf2 Bf5
15. Ng3 Bxd3 16. Qxd3 Qf7 17. a3 Bd6 18. Rae1 Nd7 19. Re2 Rfe8 20. Rfe1 g6 21.
Qb3 Rxe2 22. Rxe2 Nb6 23. Qe3 Nc4 24. Qg5 Re8 25. Rxe8+ Qxe8 26. Nh5 Be7 27.
Qg4 Bd8 28. Nf4 Bf6 29. h4 Nxb2 30. h5 g5 31. h6 Nd1 32. Nh5 Bd8 33. Qc8 Qe7
34. Bg3 Nc3 35. Be5 Ne2+ 36. Kf2 Nf4 37. Nxf4 gxf4 38. Qg4+ Kf8 39. Qxf4+ Ke8
40. Qf5 Qh4+ 41. Ke2 Qxh6 42. Bf4 Qg6 43. Qe5+ Kf7 44. Qb8 Qxg2+ 45. Ke3 Qg1+
46. Ke2 Qg2+ 47. Ke3 Qg1+ 48. Ke2 Qxd4 49. Qxb7+ Be7 50. Bd6 Qf6 51. Bc5 d4 52.
Bxa7 Qe6+ 53. Kd1 d3 54. Qb2 Bxa3 55. Qh2 Qb3+ 56. Ke1 Qb1+ 57. Kf2 Qc2+ 0-1

[Event "27e Open International Avoine"]
[Site "Espace culturel d'Avoine-37420"]
[Date "2012.07.28"]
[Round "8.40"]
[White "Letonnelier, Jean-Pierre"]
[Black "Wenzel, Johannes"]
[Result "0-1"]
[WhiteElo "1915"]
[BlackElo "2136"]
[PlyCount "78"]
[EventDate "2012.??.??"]

1. d4 Nf6 2. Nf3 e6 3. e3 b6 4. Bd3 Bb7 5. Nbd2 c5 6. b3 cxd4 7. exd4 Qc7 8.
Bb2 Nd5 9. c4 Nf4 10. Bf1 Bb4 11. a3 Bxd2+ 12. Qxd2 f6 13. Qe3 O-O 14. g3 Ng6
15. Bg2 Re8 16. d5 Na6 17. d6 Qxd6 18. Rd1 Qe7 19. O-O Rad8 20. Nd4 Bxg2 21.
Kxg2 Nc7 22. Rfe1 Qc5 23. Kg1 Qh5 24. f4 Ne7 25. Bc3 Nc8 26. Bb4 e5 27. fxe5
fxe5 28. Nf3 d6 29. Qe4 a5 30. Bc3 Kh8 31. Nh4 Ne6 32. Nf3 Nc5 33. Qe3 Rf8 34.
Ng5 h6 35. Ne4 Rf3 36. Qe2 Nxe4 37. Qxe4 Rxc3 38. Qxe5 dxe5 39. Rxd8+ Kh7 0-1

[Event "27e Open International Avoine"]
[Site "Espace culturel d'Avoine-37420"]
[Date "2012.07.28"]
[Round "8.42"]
[White "Maleki, Nicolas"]
[Black "Louis-Sidois, Charles"]
[Result "1-0"]
[WhiteElo "2117"]
[BlackElo "1969"]
[PlyCount "111"]
[EventDate "2012.??.??"]

1. e4 e6 2. b3 d5 3. Bb2 dxe4 4. Nc3 Nf6 5. g4 h6 6. Bg2 Bc5 7. Qe2 O-O 8.
O-O-O Nc6 9. Nxe4 Nxe4 10. Qxe4 Qd5 11. d4 Be7 12. Qxd5 exd5 13. h3 Rd8 14. f4
f5 15. Bf3 a5 16. a3 a4 17. b4 Bf6 18. Ne2 Ne7 19. Rhg1 g5 20. Kb1 fxg4 21.
hxg4 c6 22. Rh1 Kg7 23. Ng3 Kg6 24. Nh5 Ng8 25. Rh2 b5 26. Rdh1 gxf4 27. Nxf6
Kxf6 28. Bc1 Ke7 29. Re2+ Kd7 30. Rh5 Rf8 31. g5 hxg5 32. Rxg5 Kc7 33. Reg2 Be6
34. Rg7+ Kb6 35. Re2 Rae8 36. Re1 Ka6 37. Bh5 f3 38. Bxe8 f2 39. Rd1 Rxe8 40.
Rf1 Nf6 41. Rxf2 Ne4 42. Rh2 Nc3+ 43. Kb2 Nd1+ 44. Ka1 Bf5 45. Rf7 Re1 46. Rxf5
Ne3 47. Rf3 Rxc1+ 48. Kb2 Re1 49. Rh6 Nc4+ 50. Ka2 Rc1 51. Rxc6+ Kb7 52. Rg6
Rxc2+ 53. Kb1 Nd2+ 54. Kxc2 Nxf3 55. Kd3 Ne1+ 56. Kc3 1-0

[Event "27e Open International Avoine"]
[Site "Espace culturel d'Avoine-37420"]
[Date "2012.07.28"]
[Round "8.43"]
[White "Lebret, Jean-Michel"]
[Black "Yche, Michel"]
[Result "1-0"]
[WhiteElo "2101"]
[BlackElo "1949"]
[PlyCount "83"]
[EventDate "2012.??.??"]

1. e4 e6 2. d4 d5 3. e5 c5 4. c3 Nc6 5. Nf3 Qb6 6. a3 Nh6 7. b4 cxd4 8. cxd4
Nf5 9. Bb2 Bd7 10. Be2 Rc8 11. O-O a6 12. Kh1 h5 13. Nc3 Ncxd4 14. Nxd5 exd5
15. Nxd4 Nxd4 16. Bxd4 Qe6 17. f4 g6 18. Bd3 Rh7 19. f5 gxf5 20. Bxf5 Qxf5 21.
Rxf5 Bxf5 22. Rc1 Rh6 23. Rxc8+ Bxc8 24. h3 Rc6 25. Qxh5 Bh6 26. g4 Bc1 27.
Qh8+ Kd7 28. Qf8 Rh6 29. Bc5 Bg5 30. Kg2 b6 31. Bd6 Re6 32. Qxf7+ Be7 33. Bxe7
Rxe7 34. Qxd5+ Ke8 35. Qc6+ Bd7 36. Qxb6 Re6 37. Qb8+ Ke7 38. Kg3 Rc6 39. Qh8
Rc3+ 40. Kf4 Rxa3 41. Qf6+ Ke8 42. e6 1-0

[Event "27e Open International Avoine"]
[Site "Espace culturel d'Avoine-37420"]
[Date "2012.07.28"]
[Round "8.44"]
[White "Haussernot, Cecile"]
[Black "Rasse, Charlotte"]
[Result "1-0"]
[WhiteElo "2099"]
[BlackElo "1944"]
[PlyCount "55"]
[EventDate "2012.??.??"]

1. e4 d5 2. exd5 Qxd5 3. Nc3 Qa5 4. d4 c6 5. Bc4 Nf6 6. Bd2 Qc7 7. Nf3 Bf5 8.
Ne5 e6 9. g4 Bg6 10. Qe2 Nbd7 11. Nxd7 Qxd7 12. d5 O-O-O 13. dxe6 Qc7 14. O-O-O
Bd6 15. Be3 Kb8 16. exf7 Bxf7 17. Bxf7 Qxf7 18. Rxd6 Rxd6 19. Bf4 Rhd8 20. Rd1
Ne8 21. Bxd6+ Rxd6 22. Qe5 Qf6 23. Qxe8+ Kc7 24. Rxd6 Qxd6 25. Qf7+ Kb6 26. Ne4
Qxh2 27. Qb3+ Kc7 28. Qg3+ 1-0

[Event "27e Open International Avoine"]
[Site "Espace culturel d'Avoine-37420"]
[Date "2012.07.28"]
[Round "8.45"]
[White "Algaba, Pedro"]
[Black "Roger, Mehdi"]
[Result "0-1"]
[WhiteElo "1902"]
[BlackElo "2097"]
[PlyCount "94"]
[EventDate "2012.??.??"]

1. e4 c5 2. Nc3 g6 3. g3 Bg7 4. Bg2 Nc6 5. d3 Rb8 6. Be3 d6 7. Qd2 b5 8. f4 b4
9. Nd1 e6 10. Ne2 Nge7 11. O-O f5 12. c3 bxc3 13. bxc3 Ba6 14. Nf2 O-O 15. Rab1
Qa5 16. Qc2 Bb5 17. Bd2 Ba4 18. Qc1 Rxb1 19. Qxb1 Rb8 20. Qc1 Qb6 21. Qa3 Bc2
22. Nc1 Qb2 23. Qxb2 Rxb2 24. Nd1 Bxd1 25. Rxd1 Rc2 26. c4 Kf7 27. e5 dxe5 28.
fxe5 Bxe5 29. Be3 Bd4 30. Bxd4 Nxd4 31. Nb3 Nxb3 32. axb3 Rc3 33. Ra1 Rxd3 34.
Rxa7 Rxb3 35. Rc7 Rc3 36. Rxc5 Rc2 37. Rc7 e5 38. Bb7 e4 39. c5 h5 40. h4 Ke6
41. c6 e3 42. Kf1 f4 43. gxf4 Nd5 44. Rc8 e2+ 45. Kf2 Nxf4 46. Re8+ Kf7 47. Rd8
Ng2 0-1